000 00680nam a2200277Ia 4500
005 20260324143858.0
008 008 260324s9999 xx 000 0 eng d
020 _a9781351076029
037 _aEBOOK
040 _aCRL
040 _beng
040 _cCRL
041 _2eng
041 _aeng
084 _qCRL
100 _aJohn W. Bell
_91217266
245 0 _aProceedings of the 44th Industrial Waste Conference May 1989, Purdue University
260 _bTaylor and Francis
260 _c1990
365 _a
365 _b920
856 _uhttp://www.taylorfrancis.com/books/9781351076029
942 _cEBOOK
999 _c1823179
_d1823179